[Event "FISU World University-ch 2020-KO"]
[Site "Online"]
[Date "2020.10.26"]
[Round "1"]
[White "Agibileg, Uurtsaikh"]
[Black "Serikbay, Assel"]
[Result "0-1"]
[WhiteElo "2413"]
[BlackElo "2247"]
[Annotator "TA"]
[PlyCount "112"]
[EventDate "2020.10.26"]
[EventType "team-tourn"]
[SourceTitle "playchess.com"]
[Source "ChessBase"]
[SourceQuality "1"]

{[%evp 21,111,12,20,-2,18,24,11,0,12,0,18,10,0,5,14,0,0,0,0,0,0,0,0,-31,0,-6,21,0,0,-100,-95,-111,-91,-678,-174,-289,-252,-437,-92,-1005,-982,-29979,-29979,-29978,-29979,-29973,-29974,-5633,-5602,-2000,-947,-947,-852,-1560,-947,-939,-885,-1047,-1025,-1047,-870,-1066,-1001,-987,-956,-1160,-1081,-1660,-1678,-1812,-1753,-29972,-29972,-29990,-29991,-29994,-29993,-29993,-29994,-29998,-29996,-29996,-29995,-29995,-29996,-29997,-29998,-29998,-29999,-29999,-29999,-29999]} 1. d4 {Bulletin} d5 2. c4 c6 3. Nc3 Nf6 4. Nf3 dxc4 5. a4 Bf5 6. Ne5 Nbd7 7. Nxc4 Qc7 8. g3 e5 9. dxe5 Nxe5 10. Bf4 Nfd7 11. Bg2 f6 12. Nxe5 {D17: Slav Defence: 5 a4 Bf5: Lines with 6 Nh4 and 6 Ne5.} Nxe5 13. a5 a6 14. Qb3 {The position is equal.} Qf7 {[#]} 15. Qb6 $146 {Hoping for Bxe5.} ({Predecessor:} 15. Qa4 Rd8 16. O-O Be7 17. Ne4 Qc4 18. Qxc4 Nxc4 19. Rfc1 Be6 {1-0 (42) Arkell,K (2460)-Summerscale,A (2355) Dundee 1993 CBM 038 [Bulletin]}) 15... Rc8 16. Bxe5 fxe5 17. Be4 Bh3 18. Bd3 Bg2 19. Rg1 Bd5 $1 20. Ra4 Be7 21. f4 O-O 22. fxe5 Bd8 23. Qe3 Bc7 ({Not} 23... Bg5 $2 24. Qxg5 Qf2+ 25. Kd2 $18) 24. Nxd5 cxd5 25. e6 {[#]} (25. Rf4 $1 $11 Qe6 26. Rgf1 Rxf4 27. Qxf4) 25... Qe7 $1 $17 {White is now going downhill.} 26. Kd1 Rf6 27. Qg5 $2 {[%mdl 8192]} (27. Qd2 $17) 27... Qxe6 $2 (27... Qc5 {( -> ...Bf4)} 28. e3 Bd8) 28. Rg4 (28. Re1 {was called for.}) 28... Rf7 {Strongly threatening ...Bd8.} 29. Qh5 $2 (29. Rh4 Bd8 30. Bxh7+ Kf8 31. Qg4) 29... h6 $2 (29... Kf8 $19 {aiming for ...Qe3.} 30. Rh1 Be5) 30. b4 $2 {[%mdl 8192]} (30. Qg6 $17 Qxg6 31. Bxg6) 30... Qe3 $19 31. Re1 {[#]} Bf4 $1 {[%csl Gf4][%cal Re3d2][%mdl 512]} 32. Qxf7+ (32. gxf4 Qc1#) 32... Kxf7 {[%csl Gf4][%cal Re3d2]} 33. Rxf4+ Ke7 {[%csl Gc8][%cal Re3c1]} 34. Bc2 Qc3 {[%csl Gc8][%cal Rc3c2]} 35. Ref1 Qxc2+ (35... Kd6 $142 36. R1f3 Qxc2+ 37. Ke1 Qc1+ 38. Kf2 Qh1) 36. Ke1 Qg6 37. R1f3 Rc4 38. Re3+ Kd7 39. Rf8 Rxb4 {White must now prevent ...Qb1+.} 40. Rd3 d4 41. Kf2 Ke7 42. Rf4 Qg5 43. Re4+ Kf7 44. Rf3+ Kg8 45. Re8+ Kh7 46. Rf7 d3 {Black mates.} 47. h4 Qc5+ 48. e3 Rb2+ 49. Kf3 Qd5+ 50. Kg4 Qxf7 51. Re5 Rb4+ 52. e4 d2 53. h5 d1=Q+ 54. Kh4 Qh1+ 55. Kg4 Rxe4+ {[%mdl 64] Overworked Piece} 56. Rxe4 Qhxh5# {Av CentiPawn Loss W=562/B=-81. Weighted=107/-73} 0-1

[Event "FISU World University-ch 2020-KO"]
[Site "Online"]
[Date "2020.10.26"]
[Round "1"]
[White "Xu, Minghui"]
[Black "Cardona Martinez, Lina Sofia"]
[Result "1-0"]
[WhiteElo "2407"]
[BlackElo "1877"]
[Annotator "TA"]
[PlyCount "61"]
[EventDate "2020.10.26"]
[EventType "team-tourn"]
[SourceTitle "playchess.com"]
[Source "ChessBase"]
[SourceQuality "1"]

{[%evp 16,61,35,24,40,17,40,34,52,56,81,46,78,76,76,35,104,92,114,86,103,120,119,84,199,202,202,182,169,69,73,64,51,39,64,54,137,114,120,120,187,21,9,0,0,0,942,915]} 1. Nf3 Nf6 2. g3 g6 3. b3 Bg7 4. Bb2 d6 5. d4 O-O 6. Bg2 Nbd7 7. O-O c6 8. c4 Qc7 9. Nc3 a6 {E60: King's Indian: Unusual lines and Fianchetto Variation without Nc3.} 10. Qc2 {[#]} Rd8 $146 ({Predecessor:} 10... Re8 11. e4 e5 12. dxe5 dxe5 13. Ne1 Nc5 14. b4 Ne6 15. Ne2 a5 16. a3 axb4 17. axb4 Rxa1 18. Bxa1 {0-1 (47) Gonzalez Lafita,O (1849)-Vicente Soriano,J (1701) Barcelona 2018}) 11. e4 e5 {White is slightly better.} 12. Rad1 a5 13. h3 exd4 14. Nxd4 Nc5 15. f4 Nfd7 (15... Qb6 $14) 16. Kh2 Nf8 17. Ba3 Nce6 18. Nde2 Nc5 19. Rd2 f5 (19... b6 $16) 20. e5 $18 Nfe6 21. Rfd1 Bf8 22. exd6 (22. Na4 $1 $18) 22... Rxd6 $14 23. Rxd6 Bxd6 24. Qd2 Be7 25. Qe3 Kf7 (25... Bf8 $1 $14) 26. Nd5 cxd5 27. cxd5 Ng7 {[#]} (27... Ne4 $16 28. dxe6+ Bxe6 29. Bxe7 Qxe7) 28. d6 $2 (28. Rc1 $1 $18) 28... Bxd6 $11 {...Ne4 is the strong threat.} 29. Rxd6 Qxd6 30. Bxc5 Qe6 $2 {[%mdl 8192] [#]} (30... Qd8 $11) 31. Bd5 $1 {[%mdl 512] Av CentiPawn Loss W=-24/B=-64. Weighted=-34/-62} 1-0

[Event "FISU World University-ch 2020-KO"]
[Site "Online"]
[Date "2020.10.26"]
[Round "1"]
[White "Muthaiah, Al"]
[Black "Elias Reyes, Jorge Roberto"]
[Result "1-0"]
[WhiteElo "2400"]
[BlackElo "2428"]
[Annotator "TA"]
[PlyCount "141"]
[EventDate "2020.10.26"]
[EventType "team-tourn"]
[SourceTitle "playchess.com"]
[Source "ChessBase"]
[SourceQuality "1"]

{[%evp 19,141,20,26,20,33,15,32,24,25,-24,0,-13,26,38,49,60,63,45,75,75,141,138,118,118,136,46,49,57,117,60,65,64,74,56,144,133,265,265,270,268,258,253,289,241,227,215,221,223,218,218,220,133,151,154,245,224,246,246,236,244,221,179,179,179,182,177,177,179,173,176,175,168,253,243,228,214,453,430,1443,592,584,584,29959,29963,29964,29965,29968,29970,29970,29971,29972,29971,29973,584,1227,0,29974,29974,29974,29975,29975,29976,29976,29977,29979,29980,29980,29981,29979,29981,29983,29984,29984,29985,29985,29982,29982,29983,29987,29987,29989,29989,29992,29993]} 1. c4 Nf6 2. Nc3 c5 3. Nf3 Nc6 4. g3 g6 5. Bg2 Bg7 6. O-O O-O 7. d4 cxd4 8. Nxd4 Nxd4 9. Qxd4 d6 10. Bg5 h6 11. Bd2 {A39: Symmetrical English vs ...g6: 4 Bg2 Bg7 5 Nf3 Nf6 6 0-0 0-0 7 d4.} Bf5 12. Qf4 ({Reject} 12. Bxb7 Rb8 $17) 12... Qd7 13. e4 {White is slightly better.} Bh3 {[#]} 14. Rfd1 $146 ({Predecessor:} 14. b3 a6 15. Rac1 b5 16. Nd5 Bxg2 17. Kxg2 Qb7 18. Qf3 Nxd5 19. exd5 Rfc8 20. Rfe1 {½-½ (41) Laffranchise,L (2311)-Paredes,C (2372) ICCF email 2012}) 14... Bxg2 15. Kxg2 Rfc8 16. b3 Ng4 17. Rac1 g5 18. Qf5 Qxf5 19. exf5 Ne5 (19... Kf8 $142) 20. Nd5 $16 Kf8 21. Bc3 e6 22. fxe6 (22. Ne3 $1 $16) 22... fxe6 $14 23. Ne3 Rc6 (23... Nf7 $14) 24. Rd2 (24. Nc2 $1 $16 {[%cal Rc2d4] Strongly threatening Nd4.} Ra6 25. Nd4) 24... Nf7 25. Bxg7+ Kxg7 26. Re1 Ne5 (26... Rc5 $14) 27. Nc2 $16 Kf6 {[#]} (27... Kf7 $16 {might work better.} 28. Nd4 Rb6) 28. Nd4 $1 $18 Rb6 29. f4 gxf4 30. gxf4 Rg8+ 31. Kh3 Ng6 32. Rxe6+ Kf7 33. Re4 d5 34. cxd5 Rf6 35. Ne6 Rf5 {[#]} 36. Kg4 $1 Ne7+ (36... Kf6 $16 37. Kf3 Rh5) 37. Ng5+ $1 hxg5 {[#]} 38. Rxe7+ $1 {[%mdl 576] Remove Defender} Kxe7 39. Kxf5 gxf4 {[%mdl 4096] Endgame KR-KR} 40. d6+ ({Much less strong is} 40. Kxf4 $6 Rh8) 40... Kd7 41. Kxf4 {aiming for h4.} Rh8 42. Kg3 Rg8+ 43. Kf3 Rh8 44. Kg2 Rg8+ 45. Kh1 Rh8 (45... Re8 $142 46. Kg2 Rg8+ 47. Kh1 Re8) 46. Rd4 Rc8 47. h4 Rc1+ $2 (47... Rc2 {was necessary.} 48. a4 b6) 48. Kg2 Rc2+ (48... Rc3 $142 49. Rb4 b6) 49. Kg3 Rxa2 50. h5 Ra3 51. Rd3 Ra1 52. Kh4 Rh1+ 53. Rh3 Rf1 54. h6 Kxd6 55. Kg5 Rf8 56. Rc3 (56. h7 $142 Kc5 57. Rh4 a5 58. Kh6 Rd8 59. Rc4+ Kb6 60. Rg4 Ka6 61. Rg8) 56... Rf1 57. Rh3 (57. Rg3 $18 Re1 58. h7) 57... Rf8 $1 58. h7 {White mates.} Rh8 59. Kg6 Kc5 60. Rh4 Rd8 61. Kg7 Rd7+ 62. Kf6 Rd8 63. h8=Q Rxh8 64. Rxh8 {KR-KPP} Kb4 65. Rh7 b5 66. Rxa7 ({Inferior is} 66. Rh3 a5 $11) 66... Kxb3 67. Ke5 Kc4 68. Ke4 Kc3 69. Rc7+ Kb3 70. Kd3 b4 {[#]} 71. Rb7 $1 {Av CentiPawn Loss W=439/B=-77. Weighted=321/-100} 1-0

[Event "FISU World University-ch 2020-KO"]
[Site "Online"]
[Date "2020.10.26"]
[Round "1"]
[White "Campos Jimenez, Augusto Cesar"]
[Black "Varshini, V."]
[Result "1/2-1/2"]
[WhiteElo "2353"]
[BlackElo "2226"]
[Annotator "TA"]
[PlyCount "99"]
[EventDate "2020.10.26"]
[EventType "team-tourn"]
[SourceTitle "playchess.com"]
[Source "ChessBase"]
[SourceQuality "1"]

{[%evp 22,99,16,21,17,11,29,10,18,8,35,46,56,0,19,20,18,18,20,19,17,20,53,32,25,30,35,36,49,0,0,-20,18,-21,-21,-39,-59,-56,-44,-218,-218,-211,-192,-192,-192,-188,-135,-136,-140,-132,0,-130,-107,-111,-100,-100,-100,-113,-116,-105,-114,-116,-73,-87,12,15,15,13,11,24,28,18,20,25,19,0,22,2,4,0]} 1. e4 c5 2. Nf3 d6 3. d4 cxd4 4. Nxd4 Nf6 5. Nc3 a6 6. Bc4 e6 7. O-O Be7 8. Bb3 Qc7 9. Qf3 Nc6 10. Nxc6 bxc6 11. Qg3 O-O 12. Bh6 {[%csl Gh6][%cal Rg3g7]} Ne8 {B57: Classical Sicilian: Sozin with 6...Qb6.} 13. Rad1 Kh8 14. Bf4 e5 15. Bg5 Be6 16. Bxe7 Qxe7 {[#]} 17. f4 $146 ({Better is} 17. Bxe6 $14 fxe6 18. Qd3) ({Predecessor:} 17. Qd3 a5 18. f4 exf4 19. Rxf4 Kg8 20. Bxe6 Qxe6 21. b3 Qe5 22. Rf5 Qe7 23. Qd4 {½-½ (35) Turko,S (2144)-Myakonikikh,D (2338) ICCF email 2009}) 17... Bxb3 18. axb3 Nf6 19. fxe5 dxe5 20. Rf5 Rfe8 21. h3 g6 22. Rf3 {Black must now prevent Qf2.} Nh5 23. Qf2 Nf4 24. Kh2 Kg7 25. Ne2 Ne6 26. Rc3 Rec8 27. Qb6 c5 28. Qd6 Qxd6 29. Rxd6 Nd4 30. Nc1 $2 (30. Nxd4 $15 cxd4 31. Rc4) 30... Nb5 $1 $19 {[%csl LRc3,LRd6][%mdl 64] [#] Double Attack} 31. Rdd3 {and if Rc4 works, White does fine.} Nxc3 32. Rxc3 {[%mdl 4096] Endgame KRR-KRN} Rc7 33. Nd3 Rac8 ({Black should try} 33... Kf6 $19 34. Kg3 Rac8) 34. Nxe5 $17 Re8 35. Nd3 Rec8 36. Ne5 $1 Kf6 37. Nc4 Ke6 38. Rf3 f6 39. Rd3 {[#]} Rc6 $1 40. Kg3 Ke7 41. Ne3 Re6 42. Kf3 Re8 (42... Rd6 $17 {Threatens to win with ...Rxd3.} 43. Rc3 Kf7) 43. Nd5+ $1 $11 Kf7 44. Nc7 $1 {[%csl LRe6,LRe8][%mdl 64] Double Attack} Rxe4 {...R8e5 is the strong threat.} 45. Nxe8 Rxe8 {KR-KR} 46. Rd7+ Re7 47. Rd6 Re6 48. Rd7+ {The position is equal.} Re7 49. Rd5 Re5 50. Rd7+ {Whites escaped into a draw. Av CentiPawn Loss W=-14/B=-10. Weighted=-16/-10} 1/2-1/2

[Event "FISU World University-ch 2020-KO"]
[Site "Online"]
[Date "2020.10.26"]
[Round "1"]
[White "Gomez Sanchez, Jorge Marcos"]
[Black "Roshka, Yevgeniy"]
[Result "1/2-1/2"]
[WhiteElo "2352"]
[BlackElo "2476"]
[Annotator "TA"]
[PlyCount "62"]
[EventDate "2020.10.26"]
[EventType "team-tourn"]
[SourceTitle "playchess.com"]
[Source "ChessBase"]
[SourceQuality "1"]

{[%evp 12,62,18,-25,-30,-39,0,0,0,9,11,7,32,-31,-27,-24,27,0,0,-15,46,36,77,70,68,63,135,85,131,-10,-11,-21,0,-11,0,-17,5,15,5,0,0,0,22,20,49,0,8,0,46,0,0,0,38]} 1. e4 c5 2. Nf3 Nc6 3. Nc3 d6 4. d4 cxd4 5. Nxd4 Nf6 6. h3 e5 7. Nde2 Be6 {B56: Classical Sicilian: Unusual Lines.} 8. f4 Nh5 {[#] White must now prevent ...Qh4+.} 9. g3 exf4 10. Bxf4 {[#]} Nxf4 $146 ({Predecessor:} 10... Ne5 11. Be3 Be7 12. Bg2 Nc4 13. Bf2 Bg5 14. Qd3 Bd2+ 15. Kf1 Qg5 16. e5 Bxc3 17. Nxc3 {½-½ (77) Sek,K (2465)-Zabotin,A (2466) Sochi 2017}) 11. Nxf4 Qg5 12. Rg1 ({Better is} 12. Qd3 $14) 12... Qc5 $15 13. Rg2 Be7 (13... O-O-O $142) 14. Qd2 Bf6 15. Ncd5 Bd8 (15... Bxb2 $11 16. Rb1 Bxd5 17. Nxd5 Be5) 16. O-O-O $14 Ne5 17. Nxe6 fxe6 18. Nf4 Kd7 (18... Bg5 $14) 19. Kb1 Be7 20. Qd4 (20. h4 $16) 20... Qxd4 $1 $11 21. Rxd4 a6 22. h4 Rhf8 23. Rd1 h6 24. Rgd2 g5 25. hxg5 hxg5 26. Nd3 Nf3 27. Rf2 {[#] Rxf3! is the strong threat.} Nd4 28. Rfd2 Nf3 29. Rf2 {Threatens to win with Rxf3!} Nd4 30. Rfd2 Nf3 31. Rf2 {And now Rxf3! would win.} Nd4 {Av CentiPawn Loss W=-15/B=-20. Weighted=-22/-23} 1/2-1/2

[Event "FISU World University-ch 2020-KO"]
[Site "Online"]
[Date "2020.10.26"]
[Round "1"]
[White "Garcia Martin, Marta"]
[Black "Nikitenko, Mihail"]
[Result "0-1"]
[WhiteElo "2328"]
[BlackElo "2436"]
[Annotator "TA"]
[PlyCount "104"]
[EventDate "2020.10.26"]
[EventType "team-tourn"]
[SourceTitle "playchess.com"]
[Source "ChessBase"]
[SourceQuality "1"]

{[%evp 9,104,10,25,13,26,4,38,11,8,2,39,20,41,2,21,6,12,20,15,14,11,7,29,20,153,156,199,194,186,137,125,130,231,170,166,150,186,187,278,264,272,182,181,119,224,183,168,177,371,368,369,362,406,180,204,200,219,107,107,78,96,83,86,45,45,37,90,87,60,64,80,64,176,30,199,178,192,-141,-170,-202,-202,-819,-757,-710,-700,-699,-620,-742,-610,-29990,-29991,-29991,-29992,-29993,-29994,-29998,-29999]} 1. e4 c6 2. d4 d5 3. e5 c5 4. dxc5 e6 5. a3 Bxc5 6. Nf3 {B12: Caro-Kann: Advance Variation.} Ne7 7. Bd3 {7.Bd3 scores better than 7.b4.} Nd7 8. O-O {White is slightly better.} Ng6 9. Qe2 {[#]} O-O $146 ({Predecessor:} 9... Qc7 10. Bxg6 hxg6 11. Nbd2 Nb6 12. Nb3 Be7 13. Nbd4 Qc4 14. Qd1 Bd7 15. Re1 Rh5 {½-½ (60) Shariyazdanov,A (2519)-Ravi,T (2464) Seville 2020}) 10. Re1 a5 11. c4 dxc4 12. Bxg6 $1 fxg6 13. Qxc4 Qe7 14. Nc3 b6 15. Bg5 $36 {[%mdl 2048] White is more active.} Qe8 16. b4 Rxf3 (16... axb4 $1 $11 {keeps the balance.} 17. axb4 Nxe5 18. Nxe5 Bxf2+ {[%mdl 64] Double Attack} 19. Kh1 Bxe1 20. Rxe1 Bb7) 17. gxf3 $16 Bf8 18. Rad1 h6 19. Bf4 axb4 20. axb4 Qf7 (20... g5 $16 {keeps fighting.}) 21. Re3 {Hoping for Red3.} Bb7 22. Bg3 Rc8 23. Qf4 Qe7 (23... Nb8 $142 24. Qxf7+ Kxf7) 24. Qd4 $18 Nb8 25. b5 Qf7 {With the idea ...Bc5.} 26. Ne4 ({Not} 26. Qxb6 $2 Bc5 $19) (26. Qf4 $18) 26... Kh7 (26... Bc5 $16 {was worth a try.} 27. Nxc5 bxc5) 27. Kg2 Bc5 28. Nxc5 Rxc5 $2 (28... bxc5 29. Qf4 Qxf4 30. Bxf4 g5) 29. Qd6 Rc8 30. Qxb6 g5 31. Qd6 (31. Rd8 $142 {Rxc8 is the strong threat.} Rxd8 32. Qxd8) 31... g4 {[%cal Rb7f3]} 32. Qd3+ Kh8 33. Kg1 (33. h3 $18) 33... Bxf3 $16 34. Rde1 Nd7 35. Qd4 Rb8 36. Rb3 Bd5 37. Rc3 Qh5 (37... Qf5 $14) 38. h4 gxh3 39. Kh2 $1 Nf8 40. b6 Nh7 (40... Ng6 $14) 41. Qh4 ({Better is} 41. Bh4 $18) 41... Qf7 $2 (41... Qf5 $11) 42. f4 $18 Nf8 {[%cal Bh7f8,Bf8g6,Bg6f4][%mdl 32]} 43. Rb1 $2 {[#]} (43. Rc7 $18 Qf5 44. Qe7 (44. Qxh3 Qxh3+ 45. Kxh3 Rxb6 $18)) 43... Qf5 $1 $17 44. Re1 Rxb6 45. Rc8 $2 (45. Rce3) 45... Rb2+ $19 46. Bf2 Kh7 {Strongly threatening ...Ng6!} 47. Qg3 Ng6 48. Rg1 Qxf4 49. Kxh3 {[%csl Gg1][%cal Rg3g6] [#]} Qf5+ {Black mates.} 50. Qg4 Nf4+ 51. Kg3 Rb3+ 52. Kh2 Rh3+ {Av CentiPawn Loss W=-67/B=-32. Weighted=-78/-36} 0-1

[Event "FISU World University-ch 2020-KO"]
[Site "Online"]
[Date "2020.10.26"]
[Round "1"]
[White "Bosnjak, Petar"]
[Black "Liu, Manli"]
[Result "1-0"]
[WhiteElo "2308"]
[BlackElo "2192"]
[Annotator "TA"]
[PlyCount "59"]
[EventDate "2020.10.26"]
[EventType "team-tourn"]
[SourceTitle "playchess.com"]
[Source "ChessBase"]
[SourceQuality "1"]

{[%evp 15,59,6,16,0,17,8,5,12,13,6,9,11,11,0,-3,-45,-52,-39,-53,-51,0,0,9,0,7,0,62,65,135,129,144,145,119,115,367,343,323,0,787,364,29991,29992,29992,29993,29994,29995]} 1. e4 e6 2. d4 d5 3. Nc3 Nf6 4. e5 Nfd7 5. f4 c5 6. Nf3 Nc6 7. Be3 Be7 8. Qd2 O-O 9. Be2 {C11: French: Classical System: 4 e5 and 4 Bg5 dxe4.} b6 10. Nd1 cxd4 11. Nxd4 {The position is equal.} Nxd4 12. Bxd4 Nb8 13. O-O Ba6 {[#]} 14. f5 $146 ({Predecessor:} 14. Bxa6 Nxa6 15. Ne3 Nc5 16. Qe2 f5 17. Rad1 Qe8 18. c4 dxc4 19. Nxc4 Qb5 20. Bxc5 Qxc5+ {½-½ (60) Quesada Perez,Y (2630)-Akobian,V (2661) Saint Louis 2017}) 14... exf5 15. Rxf5 Bxe2 16. Qxe2 Nc6 17. c3 $1 Qd7 (17... f6 $15 18. e6 Qd6) 18. Ne3 $11 Qe6 19. Raf1 g6 20. Qg4 h5 (20... Nxd4 $11 21. cxd4 f6) 21. Qg3 $14 {Black must now prevent Rxh5.} Kh7 {[#]} (21... h4 $1 $14 22. Qg4 Rae8) 22. Rf6 $1 $16 {[%cal Rf6e6]} Bxf6 23. Rxf6 Nxd4 24. cxd4 Qd7 $2 {[%mdl 8192]} (24... Qc8 $16) 25. Qg5 $18 Qa4 26. Qf4 $2 ({White should try} 26. g4 $18 Qxa2 27. gxh5 Qb1+ 28. Kg2 Qe4+ 29. Kg3) 26... Kg7 $2 {[%mdl 8192] [#]} (26... Qxa2 $11 27. Rxf7+ Rxf7 28. Qxf7+ {[%mdl 64] Double Attack} Kh6) 27. h3 (27. Nf5+ $142 $1 {[%mdl 512]} Kg8 (27... gxf5 28. Qg5+) 28. h3) 27... Rac8 $2 {[#]} (27... Qd7 $18 28. Nf5+ (28. Rd6 Qc8 $16) 28... Qxf5 29. Rxf5 gxf5 30. Qg5+ Kh7 31. Qxh5+ Kg8 32. Qg5+ Kh8 33. Qxf5 Rac8 34. Qh5+ Kg8 35. Qg5+ Kh7) 28. Nf5+ $1 {[%mdl 512] White mates.} Kg8 (28... gxf5 29. Qg5+) 29. Qh6 {[%csl Gf5][%cal Rh6g7]} Qd1+ 30. Kh2 {Av CentiPawn Loss W=-38/B=-105. Weighted=-59/-194} 1-0

[Event "FISU World University-ch 2020-KO"]
[Site "Online"]
[Date "2020.10.26"]
[Round "1"]
[White "Perez Rodriguez, Cesar Alejandro"]
[Black "Osmak, Iulija"]
[Result "0-1"]
[WhiteElo "2303"]
[BlackElo "2438"]
[Annotator "TA"]
[PlyCount "156"]
[EventDate "2020.10.26"]
[EventType "team-tourn"]
[SourceTitle "playchess.com"]
[Source "ChessBase"]
[SourceQuality "1"]

{[%evp 9,155,46,75,41,43,37,46,37,37,20,37,28,29,20,37,5,14,6,20,0,15,13,35,36,44,36,37,25,42,25,34,25,21,0,16,-15,-18,-18,-16,-13,-17,-24,-24,-34,-10,-18,0,0,-3,-58,-25,-25,0,0,-14,-46,-32,-110,-114,-125,-93,-93,-77,-211,-90,-122,-89,-72,-84,-65,-66,-58,-53,-71,-58,-76,-76,-243,-260,-514,-504,-520,-515,-535,-426,-426,-426,-426,-426,-476,-476,-529,-517,-625,-623,-593,-456,-608,-608,-597,-591,-824,-814,-1977,-872,-817,0,-1495,-1410,-1259,-812,-717,-742,-731,-685,-909,-1123,-2389,-3324,-4806,-5089,-4590,-4541,-3314,-2852,-29988,-29986,-29990,-29990,-29991,-29992,-29992,-29993,-29995,-29994,-29994,-29993,-29993,-29993,-29997,-29993,-29993,-29994,-29994,-29994,-29994,-29995,-29999]} 1. e4 e6 2. d4 d5 3. Nc3 Bb4 4. e5 Qd7 5. Qg4 Bf8 6. Bg5 {C16: French: 3 Nc3 Bb4 4 e5: Lines without ...c5.} h6 7. Be3 Ne7 {[#]} 8. Bd3 $146 {White is slightly better.} ({Predecessor:} 8. O-O-O b6 9. f4 Ba6 10. Bxa6 Nxa6 11. Qe2 Nb4 12. Nf3 h5 13. g3 Nf5 14. Bf2 {½-½ (44) Vasiukov,E (2495)-Vaganian,R (2550) Telavi 1982}) 8... b6 9. O-O-O Ba6 10. Bxa6 Nxa6 11. Qe2 Nb4 12. f4 Nf5 13. a3 Nc6 14. Nf3 h5 15. Bf2 O-O-O 16. g3 Na5 17. h3 Ne7 18. Ng5 Nec6 19. Qa6+ Kb8 20. Rhe1 Re8 21. Nb5 f6 22. exf6 gxf6 23. Nf3 Qc8 $36 {[%mdl 2048] Black has good play.} 24. Qxc8+ Kxc8 25. Re2 Kd7 26. Kb1 Bh6 (26... a6 $5 27. Nc3 $8 f5 $11) 27. Ka2 Ne7 28. Rde1 c6 29. Nc3 (29. Nxa7 $11 Ng6 30. f5 exf5 31. Rxe8 Rxe8 32. Rxe8 Kxe8 33. b4) 29... Nf5 30. g4 hxg4 31. hxg4 Nd6 32. g5 Bg7 33. Bh4 (33. b3 $15) 33... fxg5 $17 34. fxg5 Nf5 35. Bf2 Nc4 36. b3 (36. Rd1 $17) 36... Ncd6 (36... Rh3 $19 {is more deadly.} 37. bxc4 Rxf3) 37. Ne5+ Bxe5 38. dxe5 Nc8 39. Rd2 Kc7 40. Ne2 Rhg8 41. Rg1 Nce7 42. c4 Ng6 {White is on the road to losing.} 43. Re1 $2 (43. cxd5 $17 exd5 44. Rf1) 43... Nxe5 $19 {[%mdl 64] [#] Hoping for ...Nf3. Discovered Attack} 44. Nd4 $2 (44. Ng1 Kd6 45. Rdd1) 44... Nxd4 45. Rxe5 Nf3 $1 {[%csl LRd2,LRe5,LRg5][%mdl 64] Double Attack} 46. Bg3 Nxd2 47. Rxd5+ e5 48. Rxd2 Rxg5 {[%mdl 4096] Endgame KRR-KRB} 49. Bf2 e4 {[#] Strongly threatening ...e3!} 50. Be3 Rf5 51. a4 Rf3 52. Re2 Re7 53. a5 c5 54. Ka3 Kc6 55. Ka4 bxa5 56. Kxa5 Rb7 (56... Rd7 $142 57. Ka4 Rd3) 57. Ka4 Re7 $2 (57... Rd7 $19 58. Bh6 Rdd3) 58. b4 $2 {[%mdl 8192]} (58. Ka5 $11 Rd7 59. Ka4) 58... cxb4 59. Kxb4 Rb7+ 60. Kc3 Rd7 {And now ...Rd3+ would win.} 61. Kc2 Rh3 62. Bf4 Rd4 63. Be3 Rxc4+ 64. Kb3 Kb5 65. Kb2 a5 66. Bd2 a4 67. Rg2 Rb3+ {Black mates.} 68. Ka2 Rc2+ 69. Ka1 Rd3 70. Rg5+ Kc4 71. Re5 Rdxd2 {[%cal Rd2d1]} 72. Kb1 Kd3 {[%cal Rd2d1]} 73. Rd5+ Ke2 74. Ra5 Rb2+ 75. Ka1 Ra2+ 76. Kb1 a3 77. Rb5 Rab2+ 78. Ka1 Rd1# {Av CentiPawn Loss W=-74/B=-33. Weighted=-89/-35} 0-1

[Event "FISU World University-ch 2020-KO"]
[Site "Online"]
[Date "2020.10.26"]
[Round "1"]
[White "Uuriintuya, Uurtsaikh"]
[Black "Turar, Dastan"]
[Result "0-1"]
[WhiteElo "2288"]
[BlackElo "2229"]
[Annotator "TA"]
[PlyCount "76"]
[EventDate "2020.10.26"]
[EventType "team-tourn"]
[SourceTitle "playchess.com"]
[Source "ChessBase"]
[SourceQuality "1"]

{[%evp 9,76,24,20,14,27,19,15,30,21,25,34,-8,-15,-17,-12,-2,-12,-39,-25,-28,-38,-34,-32,-55,-14,-26,-16,-86,-61,-63,-71,-86,-66,-71,-16,-94,-89,-256,-246,-271,-206,-181,-43,-541,-519,-657,-662,-651,-659,-630,-613,-740,-749,-679,-635,-746,-743,-740,-740,-743,-731,-766,-760,-783,-772,-776,-787,-813,-816]} 1. e4 e6 2. d4 d5 3. Nd2 Be7 4. e5 c5 5. c3 Nc6 {[%cal Bb8c6,Bc6b4,Bb4d3][%mdl 32]} 6. Bd3 {C03: French Tarrasch: Unusual Black 3rd moves.} Bd7 7. Ne2 cxd4 8. cxd4 {The position is equal.} Qb6 9. Nf3 Nb4 10. Nc3 Nxd3+ 11. Qxd3 {[#]} Qa6 $146 {[%mdl 2048] Black has good play.} ({Predecessor:} 11... h5 12. O-O Nh6 13. Bg5 Bxg5 14. Nxg5 Nf5 15. Nf3 Rc8 16. Rfc1 Qxb2 17. Rab1 Qa3 {0-1 (49) Ranfagni,S (2011)-Salami,M (2195) Crema 2010}) 12. Qxa6 bxa6 13. a3 a5 14. Rb1 Rb8 15. Ke2 Nh6 16. h3 Nf5 17. g4 Nh4 18. Ne1 (18. Nxh4 $11 {keeps the balance.} Bxh4 19. g5) 18... O-O 19. Nd3 Rfc8 {Hoping for ...Rxc3!} 20. Bd2 Rc4 21. b3 Rcc8 ({Black should play} 21... Rxd4 $17 22. Be3 {[#]} Rxd3 $1 {[%mdl 512]} 23. Kxd3 Nf3) 22. Na4 (22. b4 $11) 22... Bb5 $17 23. Bxa5 $2 (23. Rhc1 $17) 23... Rc2+ $19 ({Don't take} 23... Bxa3 24. Nc3 $17) 24. Bd2 Bg5 25. Rb2 Rbc8 (25... Rxd2+ $19 26. Rxd2 Bxd2 27. Kxd2 Nf3+ 28. Ke2 Nxd4+ 29. Ke3 Nxb3) 26. Rhb1 $2 {[%mdl 8192]} (26. Rxc2 $15 Rxc2 27. Rd1) 26... Bxd2 {Black is clearly winning.} 27. Nac5 Rxb2 28. Rxb2 Bc3 {[%mdl 64] [#] Double Attack} 29. Rc2 Bxd4 30. b4 Ng6 31. Kd2 Bxd3 32. Kxd3 Bxc5 33. bxc5 Nxe5+ {KRN-KR} 34. Kd4 Nc6+ 35. Kd3 Rb8 36. Kc3 Kf8 37. f4 Ke7 38. Rd2 Rb5 {Av CentiPawn Loss W=-39/B=-14. Weighted=-75/-14} 0-1